00474 2200193 4500001002100000005001500021035002000036008004100056245004700097100001700144250000600161260004200167300001100209084001400220082000800234650001400242990001200256990001200268INLIS00000000000033520240503081318 a0010-0424000311240503 0 ind 1 aKreasi Sulaman Dan Bordiran /cNovi Kurnia aKurnia, Novi a1 aMataram :bCaraka Darma Aksara,c2015 a60 hlm a700 NOV k a700 4aNon Fiksi a0728728 a0728729